| 000 | 00775cam a22002413a 4500 | ||
|---|---|---|---|
| 001 | 18322 | ||
| 003 | PGUSA | ||
| 005 | 20140828083405.0 | ||
| 008 | 060505s2006||||xxu|||||s|||||000 | eng d | ||
| 040 |
_aPGUSA _beng |
||
| 042 | _adc | ||
| 050 | 4 | _aPT | |
| 100 | 1 |
_aWecksell, J. J. _q(Josef Julius), _d1838-1907 |
|
| 245 | 1 | 0 |
_aDaniel Hjort : _bMurhenäytelmä viidessä näytöksessä ja neljässä kuvaelmassa _h[electronic resource] / _cJ. J. Wecksell |
| 260 |
_bProject Gutenberg, _c2006 |
||
| 506 | _aPublic domain in the USA. | ||
| 516 | _aElectronic text | ||
| 653 | _aHjort, Daniel Theodori, d. 1615 -- Drama | ||
| 700 | 1 |
_aCajander, Paavo Emil, _d1846-1913 |
|
| 830 | 0 |
_aProject Gutenberg _v18322 |
|
| 856 | 4 | 0 | _uhttp://www.gutenberg.org/ebooks/18322 |
| 942 | _cEB | ||
| 999 |
_c247577 _d247577 |
||